[Event "BEL-chT 1415"]
[Site "Belgium"]
[Date "2014.11.30"]
[Round "5.4"]
[White "Wemmers, Xander"]
[Black "Kegels, Pascal"]
[Result "1-0"]
[WhiteElo "2354"]
[BlackElo "2131"]
[PlyCount "53"]
[EventDate "2014.09.28"]
[EventType "team-swiss"]
[EventRounds "11"]
[EventCountry "BEL"]
[SourceTitle "EXT 2016"]
[Source "ChessBase"]
[SourceDate "2015.10.08"]
[SourceVersion "1"]
[SourceVersionDate "2015.10.08"]
[SourceQuality "1"]
[WhiteTeam "Borgerhout"]
[BlackTeam "Temse"]
[WhiteTeamCountry "BEL"]
[BlackTeamCountry "BEL"]

1. d4 d5 2. c4 dxc4 3. e4 Nf6 4. e5 Nd5 5. Bxc4 Nb6 6. Bd3 Nc6 7. Ne2 Bg4 8. f3 Be6 9. Nbc3 Bd5 10. Bg5 h6 11. Bh4 g5 12. Bf2 e6 13. Nxd5 Nxd5 14. a3 Qd7 15. Rc1 Nce7 16. h4 Rg8 17. hxg5 hxg5 18. Qd2 0-0-0 19. Rh7 Qe8 20. Ng3 f5 21. exf6 Nxf6 22. Qa5 Kb8 23. Qxc7+ Ka8 24. Bb5 Rc8 25. Bxe8 Rxc7 26. Rxc7 Nxh7 27. Bf7 1-0

[Event "BEL-chT 1415"]
[Site "Belgium"]
[Date "2014.09.28"]
[Round "1.5"]
[White "Coenen, Michael"]
[Black "Kegels, Pascal"]
[Result "1-0"]
[WhiteElo "2294"]
[BlackElo "2131"]
[PlyCount "51"]
[EventDate "2014.09.28"]
[EventType "team-swiss"]
[EventRounds "11"]
[EventCountry "BEL"]
[SourceTitle "CBM 162 Extra"]
[Source "ChessBase"]
[SourceDate "2014.10.17"]
[SourceVersion "1"]
[SourceVersionDate "2014.10.17"]
[SourceQuality "1"]
[WhiteTeam "KSK Rochade"]
[BlackTeam "Temse"]
[WhiteTeamCountry "BEL"]
[BlackTeamCountry "BEL"]

1. e4 d6 2. d4 Nf6 3. Nc3 g6 4. Be3 a6 5. a4 Bg7 6. f3 Nc6 7. Bc4 e5 8. Nge2 0-0 9. Qd2 exd4 10. Nxd4 Nxd4 11. Bxd4 Re8 12. 0-0-0 Be6 13. Bxe6 Rxe6 14. g4 c6 15. Ne2 Ne8 16. Nf4 Re7 17. Bxg7 Kxg7 18. h4 h6 19. h5 g5 20. Ne2 Re5 21. Ng3 Qf6 22. Rhf1 Qe6 23. Kb1 f6 24. f4 Rc5 25. Qb4 b5 26. Nf5+ 1-0

[Event "Ghent Taminco op 36th"]
[Site "Ghent"]
[Date "2013.07.21"]
[Round "3"]
[White "Popovic, Dusan"]
[Black "Kegels, Pascal"]
[Result "1-0"]
[WhiteElo "2568"]
[BlackElo "2120"]
[PlyCount "59"]
[EventDate "2013.07.20"]
[EventType "swiss"]
[EventRounds "9"]
[EventCountry "BEL"]
[SourceTitle "CBM 155 Extra"]
[Source "ChessBase"]
[SourceDate "2013.08.26"]
[SourceVersion "1"]
[SourceVersionDate "2013.08.26"]
[SourceQuality "1"]

1. e4 d6 2. d4 Nf6 3. Nc3 g6 4. f4 Bg7 5. Nf3 0-0 6. e5 dxe5 7. fxe5 Nd5 8. Bc4 Nb6 9. Bb3 Nc6 10. a4 Bg4 11. a5 Nc8 12. Ne2 Bxf3 13. gxf3 e6 14. h4 h5 15. Bg5 N8e7 16. c3 Qd7 17. Ng3 Kh8 18. Rg1 Nf5 19. Ne4 Ncxd4 20. cxd4 Qxd4 21. Qxd4 Nxd4 22. Bd1 Bxe5 23. Rc1 Rfc8 24. f4 Bg7 25. Nf6 c6 26. Rg3 Bf8 27. Rd3 Bb4+ 28. Kf1 c5 29. Nd7 Nf5 30. a6 1-0

[Event "BEL-chT 0910"]
[Site "Belgium"]
[Date "2010.03.07"]
[Round "10"]
[White "Van Hoeve, Ab"]
[Black "Kegels, Pascal"]
[Result "1-0"]
[WhiteElo "2198"]
[BlackElo "2128"]
[PlyCount "115"]
[EventDate "2009.09.27"]
[EventType "team-tourn"]
[EventRounds "11"]
[EventCountry "BEL"]
[SourceTitle "EXT 2011"]
[Source "ChessBase"]
[SourceDate "2010.11.26"]
[SourceVersion "1"]
[SourceVersionDate "2010.11.26"]
[SourceQuality "1"]
[WhiteTeam "Aalter"]
[BlackTeam "Jean Jaures"]
[WhiteTeamCountry "BEL"]
[BlackTeamCountry "BEL"]

1. Nf3 Nf6 2. g3 d5 3. Bg2 c5 4. 0-0 Nc6 5. d3 g6 6. c3 Bg7 7. Qa4 Qb6 8. e4 0-0 9. Nbd2 e6 10. Re1 Bd7 11. Qb3 Qa6 12. Bf1 b5 13. d4 c4 14. Qd1 Qb6 15. Bg2 Rab8 16. a3 Na5 17. Ne5 Bc8 18. Rb1 Bb7 19. exd5 Bxd5 20. Bxd5 exd5 21. Nf1 Rb7 22. f3 Re8 23. Kh1 Rbe7 24. Bg5 h6 25. Bxf6 Qxf6 26. Qd2 h5 27. Qf2 Kh7 28. Kg1 Qb6 29. f4 Qd6 30. Nf3 Kg8 31. Rxe7 Rxe7 32. Re1 Nc6 33. Rxe7 Nxe7 34. Qe2 a5 35. Kg2 b4 36. axb4 axb4 37. Qe1 bxc3 38. bxc3 Bf6 39. Ne3 Qa3 40. Qd2 Qa1 41. Ne1 Kf8 42. N1c2 Qb1 43. Qe1 Qb3 44. Nb4 Qb2+ 45. Kg1 h4 46. Nbxd5 Nxd5 47. Nxd5 h3 48. Qe4 Bd8 49. Qf3 Ba5 50. g4 Qb7 51. Kf2 Qb2+ 52. Kg3 Qb7 53. Qe4 Qb2 54. Qe7+ Kg8 55. Qe8+ Kg7 56. Qe5+ Kg8 57. Nf6+ Kf8 58. Qxa5 1-0

[Event "BEL-chT 0910"]
[Site "Belgium"]
[Date "2010.02.07"]
[Round "8"]
[White "Ivic, Roman Eric"]
[Black "Kegels, Pascal"]
[Result "0-1"]
[WhiteElo "2277"]
[BlackElo "2128"]
[PlyCount "158"]
[EventDate "2009.09.27"]
[EventType "team-tourn"]
[EventRounds "11"]
[EventCountry "BEL"]
[SourceTitle "EXT 2011"]
[Source "ChessBase"]
[SourceDate "2010.11.26"]
[SourceVersion "1"]
[SourceVersionDate "2010.11.26"]
[SourceQuality "1"]
[WhiteTeam "KSK47 Eynatten II"]
[BlackTeam "Jean Jaures"]
[WhiteTeamCountry "BEL"]
[BlackTeamCountry "BEL"]

1. d4 d5 2. Nf3 Nf6 3. b3 Bf5 4. Bb2 e6 5. e3 Bb4+ 6. c3 Bd6 7. Bd3 0-0 8. Qc2 Bxd3 9. Qxd3 c5 10. Nbd2 Nc6 11. 0-0 Qb6 12. Rab1 Rfd8 13. dxc5 Bxc5 14. b4 Be7 15. a4 Qc7 16. Nd4 Nxd4 17. exd4 Rac8 18. Rfe1 Bd6 19. g3 Bf8 20. a5 a6 21. Ra1 Ne8 22. Nb3 Qc4 23. Qxc4 Rxc4 24. Nd2 Rc7 25. Nb3 Rc4 26. Ra3 Nc7 27. Nd2 Rc6 28. Rb3 Nb5 29. Re3 Rdc8 30. f4 g6 31. Kf2 Bh6 32. Nf3 f6 33. h4 Kf7 34. Nh2 Bf8 35. g4 Bd6 36. Rf3 h6 37. Nf1 Kg7 38. Ke2 Bb8 39. Kd3 g5 40. hxg5 hxg5 41. fxg5 fxg5 42. Ne3 Kg6 43. Rf2 Bf4 44. Ng2 e5 45. dxe5 Bxe5 46. Rc2 Bf6 47. Ne3 Rd8 48. Nf5 Rc4 49. Nd4 Rh8 50. Re2 Rh3+ 51. Re3 Rh2 52. Ba1 Ra2 53. Nc2 Rxg4 54. Rb1 Rg2 55. Rb2 Rxc2 56. Rxc2 Rxa1 57. Re6 Rf1 58. Rb6 Rf3+ 59. Ke2 Rxc3 60. Rxc3 Nxc3+ 61. Kd3 d4 62. Rxb7 g4 63. Rb8 g3 64. Rg8+ Bg7 65. Re8 Kf5 66. Rg8 Kf6 67. Ra8 g2 68. Rxa6+ Kf5 69. Kc4 g1Q 70. Rb6 Qf1+ 71. Kb3 Qb1+ 72. Kc4 Qa2+ 73. Kd3 Qd5 74. a6 Nb5 75. Rb7 Bf8 76. Rh7 Qb3+ 77. Kd2 Qc3+ 78. Ke2 Qxb4 79. a7 Nxa7 0-1

[Event "BEL-chT 0607"]
[Site "Belgium"]
[Date "2007.02.25"]
[Round "9"]
[White "Verduyn, Frederic"]
[Black "Kegels, Pascal"]
[Result "1-0"]
[WhiteElo "2237"]
[BlackElo "2063"]
[PlyCount "101"]
[EventDate "2006.10.01"]
[EventType "team-tourn"]
[EventRounds "11"]
[EventCountry "BEL"]
[SourceTitle "EXT 2008"]
[Source "ChessBase"]
[SourceDate "2007.11.25"]
[SourceVersion "1"]
[SourceVersionDate "2007.11.25"]
[SourceQuality "1"]
[WhiteTeam "KBSK Brugge"]
[BlackTeam "Boey Temse"]
[WhiteTeamCountry "BEL"]
[BlackTeamCountry "BEL"]

1. Nf3 Nf6 2. c4 e6 3. Nc3 d5 4. d4 Be7 5. Bg5 0-0 6. e3 a6 7. c5 b6 8. b4 a5 9. a3 c6 10. Ne5 Nfd7 11. Bxe7 Qxe7 12. f4 Nxe5 13. fxe5 f6 14. exf6 Qxf6 15. Be2 axb4 16. axb4 Rxa1 17. Qxa1 bxc5 18. dxc5 Qf2+ 19. Kd2 d4 20. exd4 Qxd4+ 21. Kc2 e5 22. Qa2+ Kh8 23. Qc4 Ba6 24. Qxd4 exd4 25. b5 cxb5 26. Ne4 g6 27. Ra1 Rc8 28. Kd2 Bb7 29. Nd6 Rc7 30. Ra7 Rxc5 31. Rxb7 Na6 32. Rxb5 Rc6 33. Nf7+ Kg7 34. Rb7 Nc5 35. Ne5+ Kf6 36. Nxc6 Nxb7 37. Kd3 Nd6 38. Kxd4 h5 39. Bd3 Nf7 40. Nb4 g5 41. Nd5+ Kg7 42. Ke4 Kg6 43. Ke3+ Kg7 44. Nc3 Ne5 45. Be2 h4 46. Ke4 Ng6 47. Nd5 Kh6 48. Kf5 Nh8 49. Ne3 Nf7 50. Ng4+ Kg7 51. Ne5 1-0

[Event "BEL-chT 0405"]
[Site "Belgium"]
[Date "2004.11.21"]
[Round "4"]
[White "Kegels, Pascal"]
[Black "Muhren, Willem"]
[Result "1/2-1/2"]
[WhiteElo "2089"]
[BlackElo "2246"]
[PlyCount "120"]
[EventDate "2004.09.09"]
[EventType "team-tourn"]
[EventRounds "11"]
[EventCountry "BEL"]
[SourceTitle "EXT 2006"]
[Source "ChessBase"]
[SourceDate "2005.11.24"]
[SourceVersion "1"]
[SourceVersionDate "2005.11.24"]
[SourceQuality "1"]
[WhiteTeam "Boey Temse"]
[BlackTeam "Leuven Lustige Vrijpion"]
[WhiteTeamCountry "BEL"]
[BlackTeamCountry "BEL"]

1. e4 d6 2. d4 Nf6 3. Nc3 g6 4. Nf3 c6 5. a4 b6 6. Be2 Bg7 7. 0-0 0-0 8. h3 Qc7 9. Bf4 Nbd7 10. Qd2 e5 11. dxe5 dxe5 12. Bg5 a5 13. Rad1 Re8 14. Bc4 Nc5 15. Rfe1 Be6 16. Bf1 Rad8 17. Qe3 Rxd1 18. Rxd1 Nfd7 19. Qd2 f6 20. Bh6 Bxh6 21. Qxh6 Nf8 22. Qd2 Kf7 23. g4 g5 24. b3 Ng6 25. Bg2 Nf4 26. Nh2 Ke7 27. Nf1 Rd8 28. Qxd8+ Qxd8 29. Rxd8 Kxd8 30. Ne3 h5 31. Bf1 h4 32. f3 Kc7 33. Kf2 Bc8 34. Ne2 Nfe6 35. Nf5 Ba6 36. Ne3 Kd7 37. Ke1 Kc7 38. Kd2 Nd7 39. c4 Ndf8 40. Kc3 Ng6 41. Nc1 Nd4 42. Nf5 Nxf3 43. Nd3 Nf4 44. Nf2 Bc8 45. Ng7 Kd8 46. b4 axb4+ 47. Kxb4 c5+ 48. Kb5 Bd7+ 49. Kxb6 Bxa4 50. Kxc5 Bc2 51. Kd6 Nd2 52. Ne6+ Nxe6 53. Kxe6 Nxf1 54. Kxf6 Nd2 55. Kxg5 Nxc4 56. Kf6 Ke8 57. g5 Kf8 58. g6 Nd6 59. Kxe5 Nxe4 60. Nxe4 Kg7 1/2-1/2

[Event "BEL-chB"]
[Site "Ghent"]
[Date "1989.08.02"]
[Round "9"]
[White "Vandevoort, Pascal"]
[Black "Kegels, Pascal"]
[Result "1-0"]
[WhiteElo "2273"]
[BlackElo "2011"]
[PlyCount "35"]
[EventDate "1989.07.24"]
[EventType "tourn"]
[EventRounds "13"]
[EventCountry "BEL"]
[SourceTitle "EXT 2005"]
[Source "ChessBase"]
[SourceDate "2004.11.15"]
[SourceVersion "1"]
[SourceVersionDate "2004.11.15"]
[SourceQuality "1"]

1. c4 f5 2. d4 Nf6 3. g3 g6 4. Bg2 Bg7 5. Nf3 d6 6. 0-0 0-0 7. d5 Na6 8. Nd4 Qe8 9. Nc3 Bd7 10. Rb1 c5 11. dxc6 bxc6 12. b4 e5 13. Nc2 Qe7 14. b5 Nb8 15. Ba3 Ne8 16. bxc6 Nxc6 17. Rb7 e4 18. Nb5 1-0